Nonlinear mechanical vibrations (Record no. 735)

MARC details
000 -LEADER
Fixed length control field 00436nam a2200169 4500
003 - CONTROL NUMBER IDENTIFIER
Control field SEACOMEC
005 - DATE AND TIME OF LATEST TRANSACTION
Control field 20240306153648.0
008 - FIXED-LENGTH DATA ELEMENTS--GENERAL INFORMATION
Fixed length control field 240306b |||||||| |||| 00| 0 eng d
020 ## - INTERNATIONAL STANDARD BOOK NUMBER / ISBN
Price Rs.195.00
040 ## - CATALOGING SOURCE
Original cataloging agency SEACOMEC
082 ## - DEWEY DECIMAL CLASSIFICATION NUMBER
Classification number 620.3
Book Number S774
100 ## - MAIN ENTRY--PERSONAL NAME
Personal name Srinivasan,P.
245 1# - TITLE STATEMENT
Title Nonlinear mechanical vibrations
Statement of responsibility P. Srinivasan
260 ## - IMPRINT
Place of publication New Delhi
Name of publisher New Age
Date of publication 1995
650 ## - SUBJECT ADDED ENTRY--TOPICAL TERM
Topical term Technology,Mechanical vibration
942 ## - ADDED ENTRY ELEMENTS (KOHA)
Koha item type Books
Holdings
Withdrawn status Lost status Source of classification Damaged status Not for loan Home library Current library Date acquired Total Checkouts Call number Accession number Date last seen Copy number Price effective from Koha item type
    Dewey Decimal Classification     SEACOM ENGINEERING COLLEGE SEACOM ENGINEERING COLLEGE 09/06/2006   620.3 S774 03192 06/03/2024 4 06/03/2024 Books
    Dewey Decimal Classification     SEACOM ENGINEERING COLLEGE SEACOM ENGINEERING COLLEGE 09/06/2006   620.3 S774 03193 06/03/2024 5 06/03/2024 Books
    Dewey Decimal Classification     SEACOM ENGINEERING COLLEGE SEACOM ENGINEERING COLLEGE 09/06/2006   620.3 S774 03194 06/03/2024 6 06/03/2024 Books
    Dewey Decimal Classification     SEACOM ENGINEERING COLLEGE SEACOM ENGINEERING COLLEGE 09/06/2006   620.3 S774 03195 06/03/2024 7 06/03/2024 Books
© Seacom Engineering College, All rights reserved.      Powered by Koha